A vos marques, prêts? Partez - Statistiques

Statistiques générales
  • Ce quiz a été pris 77 fois
  • Le résultat moyen est 12 sur 20
Statistiques - réponses
Traduction Langue % Correct
Ready steady go Anglais
100%
Vertig, vertig? Verlassen Allemand
96%
‎جاهز، مجموعة؟ يترك Arabe
96%
¿En sus marcas, listos? Dejar Espagnol
96%
Готов, Сет? Оставлять Russe
96%
Pronti, partenza? Partire Italien
94%
準備好了嗎?離開 Chinois
91%
準備はできましたか?離れる Japonais
88%
Conjunto pronto? Deixar Portugais
85%
Έτοιμοι, Σετ; Αδεια Grec
65%
준비됐나요? 떠나다 Coréen
63%
Klara Färdiga? Lämna Suédois
56%
Klar, klar? Forlade Danois
47%
Hazır mısın? Ayrılmak Turc
44%
היכון הכן? לעזוב Hébreu
34%
Valmis, asetettu? Lähde Finnois
29%
Réidh, Socraigh? Fág Irlandais
12%
Klaar, gereed? verlaat Afrikaans
6%
தயாரா, அமைக்கவா? விடு Tamoul
6%
Kua Reri, Whakaritea? wehe Maori
0%
Aucun quiz correspondant
Distribution des résultats
% des personnes avec chaque résultat
Percentile par nombre de réponses
Votre historique - résultats
Vous n’avez pas pris ce quiz